000 01021cam a2200253 a 4500
001 000007645
005 20250331111216.0
008 970919s1996 sp a 000 0dspa
020 _a847820301X
040 _aDO-SdBNP
_bspa
_cLC
_dBNPHU
050 0 0 _aDE100
_b.G37 1996
082 _ann*
_bG216s
100 1 _aGarcía Mercadal, Fernando.
_921205
245 1 0 _aSobre el Mediterráneo :
_bsus litorales, pueblos, culturas (imágenes y recuerdos) /
_cFernando García Mercadal ; prólogo Fernando García Mercadal y García Loygorri.
260 _aZaragoza :
_bInstitución Fernando el Católico, Excma. Diputación de Zaragoza,
_c1996.
300 _a94 p. :
_bil. ;
_c24 cm.
490 1 _aÉntasis :
_pFacsímiles,
_v2
651 0 _aMediterranean Region
_xDescription And Travel.
_921206
651 0 _aRegión del Mediterráneo
_921207
650 0 _aVernacular architecture
_zMediterranean Region
_xIn art.
_921208
830 0 _aÉntasis :
_pFacsímiles,
_v2
_921209
910 _aCatalogación por copia / LC
049 _aBNGR
999 _c7425
_d7425